|
|
|
|
| LEADER |
01117nam a22003017a 4500 |
| 001 |
27606 |
| 003 |
BD-DhAAL |
| 005 |
20130926162719.0 |
| 008 |
130926s2003 enk||||| ||| 00| 0 eng d |
| 020 |
|
|
|a 1859846882
|
| 020 |
|
|
|a 1859844669
|
| 040 |
|
|
|a BD-DhAAL
|c BD-DhAAL
|
| 082 |
|
|
|2 22
|a 321.8
|
| 100 |
|
|
|a Fung, Archon.
|9 3301
|
| 245 |
|
|
|a Deepening democracy :
|b institutional innovations in empowered participatory governance /
|c Archon Fung and Erik Olin Wright with contributions by Rebecca Neaera Abers ... [et al.].
|
| 260 |
|
|
|a London :
|b Verso,
|c 2003
|
| 300 |
|
|
|a viii, 310 p. ;
|c 24 cm.
|
| 490 |
|
|
|a The real utopias project ;
|v 4
|
| 504 |
|
|
|6 Includes bibliographical references and index.
|
| 541 |
|
|
|e 27606
|
| 650 |
|
|
|a Democracy.
|9 3302
|
| 650 |
|
|
|a Democratization.
|9 3303
|
| 700 |
|
|
|a Wright, Erik Olin.
|9 3304
|
| 700 |
|
|
|a Abers, Rebecca.
|9 3305
|
| 852 |
|
|
|a Ayesha Abed Library
|
| 942 |
|
|
|2 ddc
|c BK
|
| 999 |
|
|
|c 14033
|d 14033
|
| 952 |
|
|
|0 0
|1 0
|2 ddc
|4 0
|6 321_800000000000000_FUN
|7 0
|9 23524
|a IGS
|b IGS
|c GEN
|d 2013-09-26
|e Trim Education
|g 4575.00
|l 0
|o 321.8 FUN
|p 3010027606
|r 2013-09-26
|t 1
|w 2013-09-26
|y BK
|